ARRUPE JESUIT UNIVERSITY

CORONAVIRUS -STOP THE SPREAD - CLEAN,DISINFECT,COVER
Normal view MARC view

Entry Personal Name

Number of records used in: 1

001 - CONTROL NUMBER

  • control field: 34716

003 - CONTROL NUMBER IDENTIFIER

  • control field: ARRUPE

005 - DATE AND TIME OF LATEST TRANSACTION

  • control field: 20170810123755.0

008 - FIXED-LENGTH DATA ELEMENTS

  • fixed length control field: 170810|| aca||aabn | a|a d

040 ## - CATALOGING SOURCE

  • Original cataloging agency: ARRUPE
  • Transcribing agency: ARRUPE

100 ## - HEADING--PERSONAL NAME

  • Personal name: Mwanawasa, Levy P.,
  • Dates associated with a name: 1948-2008.

670 ## - SOURCE DATA FOUND

  • Source citation: Work cat.: (ARRUPE)0: Ntomba, Reginald. 34715, The Mwanawasa years :, 2016

 

Arrupe Library. PO Box MP320 Mt Pleasant, Harare, Zimbabwe
263 242 745411|librarian@aju.ac.zw